75 biggest cities of the world - Statistics

General Stats
  • This quiz has been taken 47 times
  • The average score is 48 of 75
Answer Stats
Population City % Correct
41.17 million Tokyo
86%
30.51 million Delhi
81%
46.96 million Guangzhou
81%
31.62 million Jakarta
81%
14.92 million London
81%
6.43 million Madrid
81%
23.18 million Mexico City
81%
12.00 million Paris
81%
23.06 million São Paulo
81%
33.95 million Shanghai
81%
18.42 million Bangkok
76%
21.80 million Cairo
76%
13.00 million Johannesburg
76%
12.90 million Kinshasa
76%
18.92 million Lagos
76%
17.81 million Los Angeles
76%
17.29 million Moscow
76%
26.00 million Mumbai
76%
22.51 million New York City
76%
12.95 million Rio De Janeiro
76%
25.92 million Seoul
76%
7.59 million Toronto
76%
19.03 million Beijing
71%
9.90 million Bogota
71%
15.92 million Buenos Aires
71%
9.90 million Chicago
71%
15.67 million Istanbul
71%
17.02 million Kolkata
71%
9.92 million Lima
71%
26.53 million Manila
71%
6.16 million Miami
71%
17.47 million Osaka
71%
15.47 million Tehran
71%
8.21 million Washington D.C.
71%
6.59 million Xi’an
71%
8.26 million Ho Chi Minh City
67%
7.72 million Hong Kong
67%
10.52 million Hyderabad
67%
17.93 million Karachi
67%
8.29 million Kuala Lumpur
67%
9.90 million Xiamen
67%
12.05 million Bangalore
62%
7.84 million Boston
62%
8.14 million Chongqing
62%
6.29 million Khartoum
62%
12.81 million Lahore
62%
11.83 million Nagoya
62%
6.00 million Nairobi
62%
6.52 million Pune
62%
8.00 million Riyadh
62%
7.92 million San Francisco
62%
7.06 million Santiago
62%
12.36 million Tianjin
62%
8.16 million Ahmedabad
57%
11.25 million Chennai
57%
7.00 million Dallas
57%
21.02 million Dhaka
57%
6.50 million Houston
57%
6.14 million Milan
57%
9.71 million Wuhan
57%
5.90 million Alexandria
52%
6.93 million Baghdad
52%
9.81 million Chengdu
52%
6.30 million Dar Es Salaam
52%
7.23 million Philadelphia
52%
7.96 million Singapore
52%
9.80 million Taipei
52%
8.09 million Luanda
43%
6.45 million Nanjing
43%
6.45 million Surat
38%
8.00 million Shenyang
33%
6.91 million Bandung
29%
6.10 million Qingdao
29%
6.10 million Surabaya
29%
7.81 million Shantou
19%
No matching quizzes found
Score Distribution
Percent of People with Each Score
Percentile by Number Answered
Your Score History
You have not taken this quiz